00417nam a2200109Ia 4500008004100000245013400041260003500175260000900210300000900219650001300228856006600241170516s9999 xx 000 0 und d aInvestigation of Antidiarrhoeal Activity of Ethanolic Extract of Tamarindus indica L. Seeds in Albino Wistar Rats Dr. Reena Gupta bAsian Journal of Pharmaceutics c2016 a10:4 xPharmacy uhttp://www.asiapharmaceutics.info/index.php/ajp/issue/view/71